Eurovision Song Lyrics - Denmark - Statistics

General Stats
  • This quiz has been taken 16 times
  • The average score is 295 of 432
Answer Stats
Answer % Correct
I
100%
you
100%
You
100%
love
93%
my
93%
my)
93%
back
87%
be
87%
go
87%
of
87%
the
87%
to
87%
we
87%
breaking
80%
But
80%
heart
80%
heart)
80%
if
80%
If
80%
(If
80%
I'm
80%
scared
80%
start
80%
start)
80%
Do
73%
could
67%
falling
67%
not
67%
apart
60%
in
60%
Still
60%
still
60%
remember?
53%
remember
53%
was
53%
When
53%
when
53%
and
47%
September
47%
your
47%
all
40%
easier
40%
lost
40%
mine
40%
On
40%
by
33%
fighting
33%
got
33%
middle
33%
Now
33%
Pink
33%
Red
33%
skies
33%
tears
33%
thinking
33%
used
33%
were
33%
'bout
27%
dead
27%
deepest
27%
fears
27%
like
27%
meet
27%
off
27%
side
27%
some
27%
tell
27%
wine,
27%
Bet
20%
called
20%
head
20%
it'd
20%
just
20%
Just
20%
Naked
20%
we'd
20%
(You'd
20%
You'd
20%
'Cause
13%
Come
13%
fine
13%
force
13%
Said
13%
them
13%
try
13%
[Chorus]
7%
something,
7%
whenever
7%
crying
0%
scarеd
0%
wе'd
0%
No matching quizzes found
Score Distribution
Percent of People with Each Score
Percentile by Number Answered
Your Score History
You have not taken this quiz